Полупроводниковая техника в электрической тяге: [тематический сборник]

Dades bibliogràfiques
Autor corporatiu: Московский энергетический институт
Altres autors: Трахтман Л. М. (редактор)
Idioma:rus
Publicat: Москва, Изд-во МЭИ, 1975
Col·lecció:Труды Московского энергетического института (МЭИ) Вып. 236
Matèries:
Format: MixedMaterials Llibre
KOHA link:https://koha.lib.tpu.ru/cgi-bin/koha/opac-detail.pl?biblionumber=360555

MARC

LEADER 00000nam0a2200000 4500
001 360555
005 20250211063216.0
035 |a (RuTPU)RU\TPU\retro\17881 
035 |a RU\TPU\retro\17877 
090 |a 360555 
100 |a 20210414d1975 k y0rusy5003 ca 
101 0 |a rus 
102 |a RU 
105 |a y z 001zy 
200 1 |a Полупроводниковая техника в электрической тяге  |e [тематический сборник]  |f Московский энергетический институт ; под ред. Л. М. Трахтмана 
210 |a Москва  |c Изд-во МЭИ  |d 1975 
215 |a 160 с.  |c табл., ил. 
225 1 |a Труды Московского энергетического института (МЭИ)  |v Вып. 236 
320 |a Библиогр. в конце ст. 
500 1 0 |a Труды Московского энергетического института  |9 88841 
606 1 |a Электротранспорт  |2 stltpush  |3 (RuTPU)RU\TPU\subj\20974  |9 46033 
606 1 |a Подвижной состав  |x Автоматическое управление  |2 stltpush  |3 (RuTPU)RU\TPU\subj\49594  |9 68380 
610 1 |a кафедра электрического транспорта 
610 1 |a троллейбусы 
610 1 |a тиристорно-импульсные системы 
610 1 |a системы управления 
610 1 |a преобразовательные агрегаты 
610 1 |a надежность 
610 1 |a модульные системы 
610 1 |a линии электропередачи 
610 1 |a индуктивные сопротивления 
610 1 |a тяговые передачи 
610 1 |a испытательные стенды 
610 1 |a рекуперативное торможение 
610 1 |a трамвайные вагоны 
610 1 |a электропоезда 
610 1 |a испытания 
610 1 |a статические преобразователи 
610 1 |a автоматическое регулирование 
610 1 |a тормоза 
610 1 |a токовые режимы 
610 1 |a планирование эксперимента 
610 1 |a двигатели большой тяги 
610 1 |a вентильные двигатели мотор-колесо 
610 1 |a электромагнитные процессы 
610 1 |a инвенторы 
675 |a 621.33  |v 3 
675 |a 621.337  |v 3 
702 1 |a Трахтман  |b Л. М.  |4 340 
712 0 2 |a Московский энергетический институт  |c (1930-1992)  |3 (RuTPU)RU\TPU\col\20092  |9 27693 
801 0 |a RU  |b 63413507  |c 19950704  |g psbo 
801 1 |a RU  |b 63413507  |c 20060118  |g PSBO 
801 2 |a RU  |b 63413507  |c 20220210  |g PSBO 
942 |c BK